Normal view
MARC view
Entry Topical Term
001 - CONTROL NUMBER
- control field: 75213
003 - CONTROL NUMBER IDENTIFIER
- control field: OSt
005 - DATE AND TIME OF LATEST TRANSACTION
- control field: 20190602170238.0
008 - FIXED-LENGTH DATA ELEMENTS
- fixed length control field: 190602|| aca||aabn | a|a d
040 ## - CATALOGING SOURCE
- Original cataloging agency: OSt
- Transcribing agency: OSt
150 ## - HEADING--TOPICAL TERM
- Topical term or geographic name entry element: कहानियां
670 ## - SOURCE DATA FOUND
- Source citation: Work cat.: (OSt): मोहन,मदन 68820, गुजराती की श्रेष्ठ कहानियां, 2018









